[Event "eu_ch_sen"]
[Site "Dresden"]
[Date "????.??.??"]
[Round "?"]
[White "Eis, H."]
[Black "Rety, J."]
[Result "1-0"]
[WhiteElo "2145"]
[BlackElo "2006"]
[PlyCount "73"]
[EventDate "2006.02.17"]
[EventRounds "8"]

1. c4 e5 2. Nc3 g6 3. g3 Bg7 4. Bg2 c6 5. e3 Ne7 6. d4 d6 7. Nge2 Qc7 8. O-O
Be6 9. d5 Bd7 10. b3 Na6 11. Ba3 c5 12. Bb2 O-O 13. Nc1 Nf5 14. Nd3 Qd8 15. a3
Nc7 16. b4 b6 17. Qc2 Qe7 18. Ne4 Ne8 19. Rae1 Nf6 20. f4 Nxe4 21. Bxe4 Rac8
22. fxe5 cxb4 23. axb4 dxe5 24. c5 Qg5 25. Bxf5 Bxf5 26. e4 Bh3 27. Rf2 bxc5
28. bxc5 h5 29. Qd2 Qe7 30. c6 Kh7 31. Bc3 Bh6 32. Qa2 Rb8 33. d6 Qxd6 34.
Rxf7+ Kg8 35. Rf6+ Kh8 36. Rxd6 Be3+ 37. Kh1 1-0

[Event "eu_ch_sen"]
[Site "Dresden"]
[Date "????.??.??"]
[Round "?"]
[White "Appelt, G."]
[Black "Littlewood, J."]
[Result "1/2-1/2"]
[WhiteElo "2054"]
[BlackElo "2275"]
[PlyCount "99"]
[EventDate "2006.02.17"]
[EventRounds "8"]

1. e4 e5 2. Nf3 d6 3. c3 f5 4. exf5 Bxf5 5. Qb3 Nf6 6. d3 Nbd7 7. Be3 Be7 8.
Nbd2 d5 9. d4 e4 10. Nh4 Be6 11. g3 O-O 12. Ng2 Bf7 13. Be2 c5 14. O-O c4 15.
Qc2 Bg6 16. Nf4 Bf5 17. Qd1 g5 18. Ng2 h6 19. g4 Bg6 20. h4 Ne8 21. h5 Bh7 22.
b3 cxb3 23. axb3 Nc7 24. c4 Nf6 25. Re1 Qd7 26. Nf1 Ne6 27. c5 Ne8 28. Qd2 Bd8
29. b4 Bc7 30. b5 Nf4 31. b6 Bb8 32. Bxf4 gxf4 33. f3 a6 34. Qb2 Nf6 35. Qb3
Kh8 36. Nh2 Rg8 37. Kh1 exf3 38. Bxf3 Ne4 39. Ra2 a5 40. Nh4 a4 41. Qb4 Ng3+
42. Kg1 Nxh5 43. Rg2 Ng3 44. Nf1 a3 45. Nxg3 fxg3 46. Qb3 Qg7 47. Qxd5 a2 48.
Rxa2 Rxa2 49. Qxa2 Qxd4+ 50. Kh1 1/2-1/2

[Event "eu_ch_sen"]
[Site "Dresden"]
[Date "????.??.??"]
[Round "?"]
[White "Richardson, K."]
[Black "Scholze, R."]
[Result "1-0"]
[WhiteElo "2236"]
[BlackElo "2050"]
[PlyCount "44"]
[EventDate "2006.02.17"]
[EventRounds "8"]

1. e4 e6 2. d4 d5 3. e5 c5 4. c3 Nc6 5. Be3 Qb6 6. Qd2 Bd7 7. Nf3 Rc8 8. dxc5
Bxc5 9. Bxc5 Qxc5 10. Qg5 Kf8 11. Nbd2 Nge7 12. Bd3 Ng6 13. O-O Qe7 14. Qe3 f5
15. exf6 gxf6 16. c4 dxc4 17. Bxc4 Nce5 18. Bb3 b6 19. Nd4 Rg8 20. Rad1 Ng4 21.
Nxe6+ Bxe6 22. Qxe6 Qc7 1-0

[Event "eu_ch_sen"]
[Site "Dresden"]
[Date "????.??.??"]
[Round "?"]
[White "Macdonald, M."]
[Black "?"]
[Result "1/2-1/2"]
[WhiteElo "2207"]
[BlackElo "1929"]
[PlyCount "60"]
[EventDate "2006.02.17"]
[EventRounds "8"]

1. Nf3 Nf6 2. g3 d5 3. Bg2 c6 4. O-O Bf5 5. d3 e6 6. Nh4 Bg4 7. b3 a5 8. a4 Bc5
9. Bb2 O-O 10. Nd2 Nbd7 11. c4 Ne8 12. Ba3 Bxa3 13. Rxa3 Nc5 14. Qe1 e5 15. f4
Qe7 16. h3 Bc8 17. Ra2 e4 18. d4 Na6 19. cxd5 Nb4 20. Rb2 cxd5 21. Nb1 Ra6 22.
Nc3 Rc6 23. Qd2 f5 24. Rc1 Nc7 25. Bf1 Be6 26. Ng2 Rc8 27. Ne3 Nca6 28. Ned1
Kh8 29. Rbb1 Rg8 30. h4 Rf8 1/2-1/2

[Event "eu_ch_sen"]
[Site "Dresden"]
[Date "????.??.??"]
[Round "?"]
[White "Wheeler, J."]
[Black "Gafke, M."]
[Result "1-0"]
[WhiteElo "2187"]
[BlackElo "1935"]
[PlyCount "99"]
[EventDate "2006.02.17"]
[EventRounds "8"]

1. d4 d5 2. c4 e6 3. Nc3 Nf6 4. Bg5 Be7 5. Nf3 Nbd7 6. e3 O-O 7. Rc1 a6 8. c5
c6 9. Bd3 h6 10. Bf4 Nh5 11. O-O Nxf4 12. exf4 Qc7 13. Qd2 f6 14. Rfe1 e5 15.
fxe5 fxe5 16. dxe5 Nxc5 17. Bb1 Bf5 18. Bxf5 Rxf5 19. b4 Ne4 20. Nxe4 dxe4 21.
Rxe4 Rd8 22. Rd4 Rff8 23. a3 Rxd4 24. Qxd4 Rd8 25. Qc4+ Kh8 26. Re1 Rd5 27. g3
Qd8 28. Kg2 a5 29. Re4 axb4 30. axb4 Qb6 31. e6 Rb5 32. Ne5 Rxb4 33. Qd3 Rxe4
34. Qxe4 Qc5 35. Nf7+ Kg8 36. Qg6 Qd5+ 37. Kh3 Bf6 38. Nxh6+ Kh8 39. Nf7+ Kg8
40. Nh6+ Kh8 41. Qf7 Kh7 42. Ng4 Bd8 43. Ne3 Qg5 44. Nf5 Qf6 45. Qxf6 gxf6 46.
e7 Bxe7 47. Nxe7 c5 48. Nd5 b5 49. Kg4 b4 50. Kf5 1-0

[Event "eu_ch_sen"]
[Site "Dresden"]
[Date "????.??.??"]
[Round "?"]
[White "Eyer, K."]
[Black "Dornieden, M."]
[Result "0-1"]
[WhiteElo "2032"]
[BlackElo "2284"]
[PlyCount "117"]
[EventDate "2006.02.17"]
[EventRounds "8"]

1. e4 c5 2. c3 b6 3. d4 Bb7 4. Bd3 Nc6 5. dxc5 bxc5 6. Be3 d6 7. Nf3 Nf6 8. O-O
g6 9. Ng5 Rb8 10. f4 Bg7 11. Nd2 h6 12. Nh3 O-O 13. Rb1 Qd7 14. Nf2 a5 15. Qe2
a4 16. Nc4 Qc7 17. Ng4 e6 18. f5 Nxg4 19. Qxg4 exf5 20. exf5 d5 21. Bf4 Qd8 22.
Nd6 g5 23. Nxb7 Rxb7 24. Bg3 f6 25. Qxa4 Ne5 26. Bc2 Qb6 27. b4 Qc7 28. Qa6 Re8
29. Qa4 Reb8 30. Qb3 Qc6 31. Rbd1 Rd8 32. Be4 c4 33. Qc2 Nf7 34. Bf3 Ra7 35.
Qd2 Rad7 36. Qd4 Ne5 37. Be2 Qa8 38. Rd2 Ra7 39. Ra1 Kh8 40. Bd1 Ra3 41. Qb6
Nd3 42. Rc2 Re8 43. Bf3 Ne5 44. Bh5 Re7 45. Rd1 Kh7 46. Qc5 Rd7 47. Qb5 Qd8 48.
Bf2 Qa8 49. Bd4 Rd8 50. Qc5 Bf8 51. Qc7+ Rd7 52. Qb6 Rd6 53. Qb5 Raa6 54. Bxe5
fxe5 55. Bg6+ Kh8 56. Qe8 Qxe8 57. Bxe8 Kg7 58. a4 Kf6 59. a5 0-1

[Event "eu_ch_sen"]
[Site "Dresden"]
[Date "????.??.??"]
[Round "?"]
[White "Jentsch, D."]
[Black "Ehlert, J."]
[Result "1-0"]
[WhiteElo "2196"]
[BlackElo "2029"]
[PlyCount "55"]
[EventDate "2006.02.17"]
[EventRounds "8"]

1. e4 c5 2. Nf3 e6 3. c3 Nf6 4. e5 Nd5 5. d4 Nc6 6. c4 Nb6 7. d5 exd5 8. cxd5
Nb4 9. Nc3 d6 10. a3 Na6 11. Bb5+ Bd7 12. O-O Nc7 13. Re1 Nxb5 14. exd6+ Be7
15. dxe7 Qc8 16. Ne4 f5 17. Neg5 h6 18. Ne6 Bxe6 19. Rxe6 Nc7 20. Rxb6 axb6 21.
d6 Nb5 22. Qd3 c4 23. Qd5 Qc6 24. Qxf5 Nxd6 25. Qg6+ Nf7 26. Qxg7 Kxe7 27. Bd2
Raf8 28. Bb4+ 1-0

[Event "eu_ch_sen"]
[Site "Dresden"]
[Date "????.??.??"]
[Round "?"]
[White "Kalmutzki, M."]
[Black "Durst, U."]
[Result "1/2-1/2"]
[WhiteElo "1990"]
[BlackElo "2130"]
[PlyCount "93"]
[EventDate "2006.02.17"]
[EventRounds "8"]

1. d4 f5 2. e3 b6 3. Nf3 Nf6 4. c4 e6 5. Nc3 Bb4 6. Bd2 Bb7 7. Be2 O-O 8. O-O
d6 9. a3 Bxc3 10. Bxc3 Nbd7 11. b4 Qe8 12. Rc1 Ne4 13. Bb2 Qg6 14. c5 Bd5 15.
cxd6 cxd6 16. Rc7 Ndf6 17. Qc2 Ne8 18. Rc8 Rxc8 19. Qxc8 Nd2 20. Nh4 Qg5 21.
Rd1 Qxh4 22. Rxd2 Nf6 23. Qc7 Ne4 24. g3 Qh6 25. Rd3 Nxf2 26. Kxf2 Qxh2+ 27.
Ke1 Qxg3+ 28. Kd2 f4 29. e4 Qg5 30. exd5 f3+ 31. Re3 fxe2 32. Kxe2 Qxd5 33. Qc3
Qh5+ 34. Kd3 Qf5+ 35. Kd2 h6 36. Qd3 Qd5 37. Qc3 e5 38. Re2 Rf4 39. Qc2 e4 40.
Qc8+ Kh7 41. Qc3 Rf3 42. Re3 Rf2+ 43. Kc1 Qg5 44. Kb1 d5 45. Rg3 Qf5 46. Qc7
Qf6 47. Qe5 1/2-1/2

[Event "eu_ch_sen"]
[Site "Dresden"]
[Date "????.??.??"]
[Round "?"]
[White "Wilson, P."]
[Black "Raedeker, B."]
[Result "0-1"]
[WhiteElo "2070"]
[BlackElo "2238"]
[PlyCount "100"]
[EventDate "2006.02.17"]
[EventRounds "8"]

1. f4 d5 2. e3 g6 3. d4 Bg7 4. Nf3 Nf6 5. Bd3 O-O 6. O-O c5 7. c3 b6 8. Qe2
Nbd7 9. Nbd2 Bb7 10. Ne5 Qc7 11. Nxd7 Qxd7 12. Nf3 Ne4 13. Ne5 Qc7 14. Bd2 Nxd2
15. Qxd2 f6 16. Nf3 e5 17. fxe5 fxe5 18. Nxe5 Bxe5 19. Rxf8+ Rxf8 20. dxe5 Qxe5
21. Rf1 Re8 22. Re1 Kg7 23. Qf2 Qg5 24. Qg3 Qxg3 25. hxg3 Re5 26. Kf2 Re7 27.
Re2 Kf6 28. Re1 Ke5 29. Be2 Rf7+ 30. Bf3 Bc8 31. Rd1 Be6 32. Ke2 g5 33. Bh5 Rf6
34. g4 Bc8 35. c4 dxc4 36. Rd8 Ba6 37. Kd2 b5 38. a3 Rd6+ 39. Rxd6 Kxd6 40. Bf7
Bc8 41. Bg8 h6 42. a4 a6 43. axb5 axb5 44. b3 cxb3 45. Bxb3 Bxg4 46. Bf7 h5 47.
Bg6 h4 48. Ke1 Ke5 49. Be8 b4 50. Kd2 Bf5 0-1

[Event "eu_ch_sen"]
[Site "Dresden"]
[Date "????.??.??"]
[Round "?"]
[White "Hottes, D."]
[Black "Smith, D."]
[Result "1-0"]
[WhiteElo "2185"]
[BlackElo "2009"]
[PlyCount "47"]
[EventDate "2006.02.17"]
[EventRounds "8"]

1. d4 Nf6 2. c4 e6 3. Nf3 c5 4. Nc3 cxd4 5. Nxd4 a6 6. e4 d6 7. Be2 Be7 8. O-O
O-O 9. Be3 Bd7 10. Qd2 Nc6 11. Rfd1 Qc7 12. Rac1 Rfd8 13. f3 Rac8 14. Nd5 exd5
15. cxd5 Qa5 16. Nxc6 Qxd2 17. Nxe7+ Kf8 18. Bxd2 Kxe7 19. Kf2 Rb8 20. Ke3 Be8
21. Bc3 b5 22. a3 g6 23. Bb4 Nd7 24. Rc7 1-0

[Event "eu_ch_sen"]
[Site "Dresden"]
[Date "????.??.??"]
[Round "?"]
[White "Pemberton, C."]
[Black "Schmid, H."]
[Result "0-1"]
[WhiteElo "1942"]
[BlackElo "2221"]
[PlyCount "80"]
[EventDate "2006.02.17"]
[EventRounds "8"]

1. e4 c5 2. d4 cxd4 3. Nf3 Nc6 4. c3 d6 5. Bc4 Nf6 6. O-O Nxe4 7. Nxd4 e6 8.
Be3 Nf6 9. f4 Be7 10. Qf3 d5 11. Bb3 O-O 12. Nd2 Bd6 13. Rae1 Bd7 14. c4 Bb4
15. Rd1 Qa5 16. Nb1 dxc4 17. Bxc4 Nxd4 18. Bxd4 Bc6 19. Qe3 Ne4 20. Nc3 Nd6 21.
Bd3 Nf5 22. Qh3 Bc5 23. Bf2 Rad8 24. a3 Bxf2+ 25. Rxf2 Qc5 26. Re1 h6 27. Re5
Qb6 28. Kf1 Nd4 29. Re1 Rd7 30. Qe3 Qc7 31. Be4 Bxe4 32. Qxe4 Nf5 33. Nb5 Qb6
34. Nc3 Rd4 35. Qf3 Rfd8 36. h3 Rd3 37. Qg4 Ne3+ 38. Rxe3 Qxe3 39. f5 Qc1+ 40.
Ke2 Re3# 0-1

[Event "eu_ch_sen"]
[Site "Dresden"]
[Date "????.??.??"]
[Round "?"]
[White "Gabriel, J."]
[Black "Flockhart, H."]
[Result "1-0"]
[WhiteElo "2200"]
[BlackElo "1887"]
[PlyCount "85"]
[EventDate "2006.02.17"]
[EventRounds "8"]

1. c4 e5 2. Nc3 Nf6 3. Nf3 Nc6 4. g3 d5 5. cxd5 Nxd5 6. Bg2 Nb6 7. O-O Be7 8.
d4 exd4 9. Nb5 a6 10. Nbxd4 Nxd4 11. Nxd4 O-O 12. a4 Bf6 13. e3 c6 14. a5 Nd7
15. Qa4 Ne5 16. Rd1 Qc7 17. f4 Nd7 18. e4 Nc5 19. Qc2 Ne6 20. Nb3 Rd8 21. Be3
Rxd1+ 22. Rxd1 g6 23. Bb6 Qe7 24. Bf3 Bg7 25. e5 Nc7 26. Nc5 Bf5 27. Qd2 Nb5
28. b4 Bf8 29. Bd8 Qe8 30. Nxb7 Rb8 31. Nc5 Na7 32. Nxa6 Rc8 33. Nc7 Rxd8 34.
Qxd8 Qxd8 35. Rxd8 Kg7 36. g4 Bc2 37. Ne8+ Kg8 38. Ra8 Nb5 39. a6 Nd4 40. Ng7
Kxg7 41. Rxf8 Nxf3+ 42. Kf2 Kxf8 43. a7 1-0

[Event "eu_ch_sen"]
[Site "Dresden"]
[Date "????.??.??"]
[Round "?"]
[White "Schmidt, G."]
[Black "Stavenhagen, J."]
[Result "1/2-1/2"]
[WhiteElo "2238"]
[BlackElo "2019"]
[PlyCount "56"]
[EventDate "2006.02.17"]
[EventRounds "8"]

1. d4 Nf6 2. Nf3 e6 3. c4 d5 4. Nc3 Be7 5. Bg5 Nbd7 6. e3 h6 7. Bh4 O-O 8. Qc2
a6 9. cxd5 exd5 10. Be2 c6 11. O-O-O Ne4 12. Bxe7 Qxe7 13. Bd3 f5 14. Kb1 a5
15. g3 Qb4 16. Rc1 Nxc3+ 17. Qxc3 Qxc3 18. Rxc3 Nf6 19. Rc2 Be6 20. Nh4 Ne4 21.
Ng6 Rfe8 22. Ne5 Rac8 23. f3 Nd6 24. Re1 Nf7 25. f4 Nd6 26. h3 Nf7 27. Ng6 Nd6
28. Ne5 Nf7 1/2-1/2

[Event "eu_ch_sen"]
[Site "Dresden"]
[Date "????.??.??"]
[Round "?"]
[White "Müller, Sigmar"]
[Black "Lenk, W."]
[Result "1-0"]
[WhiteElo "2055"]
[BlackElo "2232"]
[PlyCount "93"]
[EventDate "2006.02.17"]
[EventRounds "8"]

1. Nc3 Nf6 2. Nf3 g6 3. e4 d6 4. d4 Bg7 5. Bg5 O-O 6. Qd2 a6 7. Be2 b5 8. Bxf6
Bxf6 9. Nd5 Bg7 10. h4 c5 11. h5 e6 12. Ne3 cxd4 13. Nxd4 Bb7 14. hxg6 Qf6 15.
gxf7+ Rxf7 16. O-O-O Nc6 17. c3 Nxd4 18. cxd4 Bxe4 19. Bd3 Rc8+ 20. Kb1 Qxd4
21. Bxe4 Qxe4+ 22. Ka1 d5 23. f3 Qg6 24. Rc1 Rfc7 25. Rxc7 Rxc7 26. Rc1 Qf7 27.
Ng4 Rxc1+ 28. Qxc1 Qd7 29. Qg5 Qd6 30. Nf6+ Kf7 31. Qxg7+ Kxg7 32. Ne8+ Kg6 33.
Nxd6 Kg5 34. g3 h5 35. Kb1 h4 36. gxh4+ Kxh4 37. Kc2 Kg3 38. Kd3 Kxf3 39. Kd4
Ke2 40. Nb7 Kd2 41. Nc5 Kc2 42. b4 Kb2 43. Nxe6 Ka3 44. Kc3 Kxa2 45. Nc5 Ka3
46. Nxa6 Ka4 47. Kd4 1-0

[Event "eu_ch_sen"]
[Site "Dresden"]
[Date "????.??.??"]
[Round "?"]
[White "Wicklund-Hansen, R."]
[Black "Wade, R."]
[Result "1/2-1/2"]
[WhiteElo "1986"]
[BlackElo "2171"]
[PlyCount "91"]
[EventDate "2006.02.17"]
[EventRounds "8"]

1. g3 c5 2. Bg2 Nc6 3. Nf3 g6 4. c3 Bg7 5. O-O Nf6 6. d4 d6 7. Nbd2 cxd4 8.
cxd4 O-O 9. Re1 d5 10. b3 Ne4 11. Bb2 Bg4 12. h3 Bxf3 13. Nxf3 Qb6 14. e3 Rac8
15. Nd2 Nxd2 16. Qxd2 e6 17. Ba3 Rfe8 18. Bc5 Qd8 19. Rac1 Bf8 20. Qe2 Bxc5 21.
Rxc5 a6 22. Rec1 Qd7 23. h4 Ne7 24. h5 Rxc5 25. dxc5 gxh5 26. Qxh5 Ng6 27. Bf1
Rc8 28. Qd1 Qc7 29. e4 dxe4 30. Rc4 e3 31. f4 Rd8 32. Qe2 Qa5 33. Qxe3 Qxa2 34.
Rd4 Rxd4 35. Qxd4 Qxb3 36. Qd8+ Kg7 37. Qd4+ e5 38. Qf2 exf4 39. gxf4 Qb4 40.
f5 Qg4+ 41. Bg2 Nf4 42. Qd4+ f6 43. Qd7+ Kh6 44. Qxb7 Nxg2 45. Qxg2 Qd4+ 46.
Qf2 1/2-1/2

[Event "eu_ch_sen"]
[Site "Dresden"]
[Date "????.??.??"]
[Round "?"]
[White "Byway, P."]
[Black "Standal, B."]
[Result "1-0"]
[WhiteElo "2203"]
[BlackElo "1935"]
[PlyCount "25"]
[EventDate "2006.02.17"]
[EventRounds "8"]

1. d4 Nf6 2. Bf4 g6 3. e3 Bg7 4. Nf3 d6 5. h3 O-O 6. c4 Nbd7 7. Nc3 c5 8. Be2
Ne8 9. O-O f6 10. Rc1 b6 11. dxc5 bxc5 12. Qd5+ Kh8 13. Qxa8 1-0

[Event "eu_ch_sen"]
[Site "Dresden"]
[Date "????.??.??"]
[Round "?"]
[White "Bue, G."]
[Black "James, G H."]
[Result "0-1"]
[WhiteElo "1896"]
[BlackElo "2201"]
[PlyCount "66"]
[EventDate "2006.02.17"]
[EventRounds "8"]

1. d4 Nf6 2. c4 e6 3. Nf3 Bb4+ 4. Bd2 Qe7 5. e3 b6 6. Bd3 Bb7 7. a3 Bxd2+ 8.
Nbxd2 d6 9. O-O Nbd7 10. Qe2 O-O 11. Rac1 c5 12. e4 Nh5 13. g3 e5 14. dxe5 dxe5
15. Nh4 Qg5 16. Ng2 Rad8 17. h4 Qg6 18. g4 Nf4 19. Nxf4 exf4 20. e5 Qe6 21.
Rfe1 Rfe8 22. Bf5 Qxe5 23. Qd3 Qxe1+ 24. Rxe1 Rxe1+ 25. Nf1 g6 26. Bxd7 Re7 27.
Qd6 Rdxd7 28. Qxf4 Rd4 29. Qb8+ Kg7 30. Ne3 Bf3 31. h5 h6 32. g5 Rh4 33. gxh6+
Kh7 0-1

[Event "eu_ch_sen"]
[Site "Dresden"]
[Date "????.??.??"]
[Round "?"]
[White "Liebert, H."]
[Black "Kunath, E."]
[Result "1-0"]
[WhiteElo "2265"]
[BlackElo "1985"]
[PlyCount "139"]
[EventDate "2006.02.17"]
[EventRounds "8"]

1. c4 f5 2. Nf3 b6 3. g3 Bb7 4. Bg2 e6 5. O-O Nf6 6. Nc3 Be7 7. d4 O-O 8. d5
exd5 9. Nd4 Ne4 10. Nxd5 Bxd5 11. cxd5 Nd6 12. Qd3 a5 13. Bf4 g6 14. Rac1 Na6
15. Qc2 Rc8 16. a3 Bg5 17. Bxg5 Qxg5 18. e3 Qe7 19. Qe2 Nc5 20. b4 axb4 21.
axb4 Nce4 22. Nb5 Nxb5 23. Qxb5 d6 24. Rc2 Rf7 25. Qa6 Rd8 26. Rfc1 Rd7 27. Qd3
Nf6 28. Ra2 Rf8 29. Rc6 Kg7 30. Qc3 Kg8 31. Ra7 Ne4 32. Qd3 Qf7 33. Qc4 Qe7 34.
Qb5 Rf7 35. Ra8+ Rf8 36. Rc4 Qg7 37. Rd4 Qf7 38. Qd3 Re7 39. Ra1 Qf6 40. Rc1
Rff7 41. Qb5 Qg7 42. Qd3 Qf6 43. f4 Qg7 44. Bf3 Nf6 45. Kg2 Qf8 46. Rc3 Qe8 47.
Ra3 Kg7 48. h3 Qd7 49. e4 fxe4 50. Bxe4 Nxe4 51. Rxe4 Rxe4 52. Qxe4 Qf5 53.
Qd4+ Qf6 54. Qxf6+ Kxf6 55. Rc3 Re7 56. Kf3 g5 57. Re3 Rxe3+ 58. Kxe3 h6 59. g4
gxf4+ 60. Kxf4 b5 61. h4 Kg6 62. g5 h5 63. Ke4 Kg7 64. Kf5 Kf7 65. g6+ Kg8 66.
Kf6 Kf8 67. g7+ Kg8 68. Kg6 c5 69. dxc6 d5 70. c7 1-0

[Event "?"]
[Site "?"]
[Date "????.??.??"]
[Round "?"]
[White "Vasiukov, E."]
[Black "Oppl, K."]
[Result "1/2-1/2"]
[WhiteElo "2493"]
[BlackElo "2333"]
[PlyCount "98"]

1. e4 e5 2. Nf3 Nc6 3. Bc4 Bc5 4. c3 Nf6 5. d3 O-O 6. b4 Bb6 7. a4 a6 8. O-O d5
9. exd5 Nxd5 10. Re1 Bg4 11. h3 Bh5 12. Ra2 f6 13. Nbd2 Kh8 14. Rc2 f5 15. b5
axb5 16. axb5 Na5 17. Rxe5 Nf6 18. Ba3 Re8 19. Rxe8+ Qxe8 20. Bb4 Nxc4 21. dxc4
Ne4 22. Nb3 Rd8 23. Nbd4 Bxd4 24. cxd4 Ng5 25. Kh2 Bxf3 26. gxf3 Rxd4 27. Rd2
Rxd2 28. Bxd2 Qd8 29. Qe2 h6 30. Kg2 Qd4 31. Bxg5 hxg5 32. Qe8+ Kh7 33. Qh5+
Kg8 34. Qe8+ Kh7 35. Qh5+ Kg8 36. Qe8+ Kh7 37. Qe6 Qc5 38. Kf1 c6 39. bxc6 bxc6
40. Kg2 f4 41. Kg1 g6 42. Qf7+ Kh6 43. Qg8 Qd4 44. Kg2 c5 45. Qf8+ Kh7 46. Qf7+
Kh6 47. Qg8 Qe5 48. Kf1 Qa1+ 49. Kg2 Qe5 1/2-1/2

[Event "?"]
[Site "?"]
[Date "????.??.??"]
[Round "?"]
[White "Bukacek, E."]
[Black "Shabanov, Y."]
[Result "1/2-1/2"]
[WhiteElo "2259"]
[BlackElo "2427"]
[PlyCount "71"]

1. e4 g6 2. d4 Bg7 3. Nc3 d6 4. Nf3 Nf6 5. Be3 c6 6. Qd2 b5 7. Bd3 Nbd7 8. Bh6
Bxh6 9. Qxh6 e5 10. dxe5 dxe5 11. h3 Qe7 12. O-O Bb7 13. Rfe1 Nh5 14. Rad1 a6
15. Bf1 Rd8 16. a3 Nf4 17. Rd2 Qf8 18. Qxf8+ Rxf8 19. Red1 Ke7 20. g3 Ne6 21.
h4 f6 22. Bh3 a5 23. b4 axb4 24. axb4 Nb8 25. Bxe6 Rxd2 26. Nxd2 Kxe6 27. Nb3
Na6 28. Ra1 Ra8 29. Nc5+ Nxc5 30. Rxa8 Bxa8 31. bxc5 Bb7 32. f3 Bc8 33. Na2 Bd7
34. Kf2 h6 35. Nb4 Be8 36. Ke3 1/2-1/2

[Event "?"]
[Site "?"]
[Date "????.??.??"]
[Round "?"]
[White "Chernikow, O."]
[Black "Stürzenbaum, A."]
[Result "1/2-1/2"]
[WhiteElo "2411"]
[BlackElo "2212"]
[PlyCount "43"]
[EventDate "2006.02.24"]

1. Nf3 Nf6 2. g3 g6 3. b3 Bg7 4. Bb2 d6 5. d4 O-O 6. Bg2 Nbd7 7. O-O e5 8. dxe5
Ng4 9. h3 Nh6 10. Qc1 Bxe5 11. Rd1 f6 12. c4 Nf7 13. Nc3 c6 14. b4 Qc7 15. e4
Nb6 16. Nd2 Be6 17. c5 Nc4 18. Nxc4 Bxc4 19. Nb1 Be6 20. Nd2 Rfd8 21. Qc2 Rd7
22. Nc4 1/2-1/2

[Event "?"]
[Site "?"]
[Date "????.??.??"]
[Round "?"]
[White "Hicker, H."]
[Black "Arkhangelsky, B."]
[Result "0-1"]
[WhiteElo "2156"]
[BlackElo "2384"]
[PlyCount "80"]

1. d4 d5 2. c4 e6 3. Nc3 c6 4. cxd5 exd5 5. Nf3 Bf5 6. Bf4 Nf6 7. e3 Qb6 8. Qb3
Nbd7 9. Qxb6 axb6 10. Nh4 Be6 11. Bd3 Nh5 12. Bg3 b5 13. O-O Nxg3 14. hxg3 g6
15. f4 f5 16. Nf3 Be7 17. Ne5 b4 18. Ne2 O-O 19. Nxd7 Bxd7 20. Bc2 b6 21. Rfd1
Be6 22. Kf2 c5 23. a3 c4 24. axb4 Bxb4 25. Ba4 Rfc8 26. Bb5 Kf7 27. Nc3 Ke7 28.
Rxa8 Rxa8 29. Bc6 Ra5 30. g4 fxg4 31. e4 Bxc3 32. bxc3 Kd6 33. Bxd5 Bxd5 34.
exd5 Ra2+ 35. Kg3 Rc2 36. Rb1 Rxc3+ 37. Kxg4 Ra3 38. Rh1 c3 39. Rc1 Kxd5 40.
Kf3 Kxd4 0-1

[Event "?"]
[Site "?"]
[Date "????.??.??"]
[Round "?"]
[White "Baumgartner, H."]
[Black "Gutman, L."]
[Result "0-1"]
[WhiteElo "2303"]
[BlackElo "2465"]
[PlyCount "89"]
[EventDate "2006.02.24"]

1. Nf3 Nf6 2. g3 g6 3. Bg2 Bg7 4. O-O O-O 5. c4 d5 6. cxd5 Nxd5 7. d4 Nc6 8. e4
Nb6 9. d5 Na5 10. Nc3 c6 11. dxc6 Nxc6 12. Bf4 Bg4 13. h3 Bxf3 14. Qxf3 Nd4 15.
Qd3 Rc8 16. Rfd1 Nc4 17. Bc1 e6 18. Kh1 Qb6 19. Rb1 Rfd8 20. Bg5 Rd6 21. Bf4
Nxb2 22. Qd2 Nb5 23. Qc2 Rxd1+ 24. Rxd1 Bxc3 25. Qb3 Bd4 26. a4 Nc3 27. Qxb6
Bxb6 28. Rd7 Ncxa4 29. Rxb7 Bxf2 30. Bf3 Bb6 31. Bd6 Nc5 32. Bxc5 Rxc5 33. Be2
Rc3 34. Kg2 Re3 35. Bf3 Re1 36. g4 g5 37. Kg3 Re3 38. Kg2 h6 39. Kg3 Kg7 40.
Kg2 Kf6 41. Kg3 Bd4 42. Rd7 Be5+ 43. Kf2 Ra3 44. Bg2 Bg3+ 45. Ke2 {
Rest nicht nachvollziehbar} 0-1

[Event "?"]
[Site "?"]
[Date "????.??.??"]
[Round "?"]
[White "Uhlmann, W."]
[Black "Titz, H."]
[Result "1/2-1/2"]
[WhiteElo "2420"]
[BlackElo "2268"]
[PlyCount "82"]

1. c4 c5 2. Nf3 Nf6 3. Nc3 Nc6 4. g3 g6 5. d4 cxd4 6. Nxd4 d6 7. Bg2 Bd7 8. O-O
Bg7 9. Nc2 O-O 10. b3 Qa5 11. Nb5 Rfc8 12. Bd2 Qd8 13. a4 Ne8 14. Bc3 a6 15.
Bxg7 Nxg7 16. Nc3 Rab8 17. Qd2 Ne6 18. Rfb1 a5 19. Nd5 Nc5 20. Qc3 Bf5 21. Rb2
Bxc2 22. Rxc2 Na6 23. Rd2 Ncb4 24. h4 Nxd5 25. Rxd5 b6 26. h5 Qf8 27. hxg6 hxg6
28. Qe3 Rc5 29. Rad1 Rbc8 30. Rxc5 Rxc5 31. Bd5 Nb4 32. Kg2 Nxd5 33. Rxd5 Qd8
34. Rd4 Qa8+ 35. f3 Re5 36. Qd2 Qc8 37. Rd5 Rxd5 38. Qxd5 Qc5 39. Qe4 e6 40. g4
Qb4 41. Qd3 Kf8 1/2-1/2

[Event "?"]
[Site "?"]
[Date "????.??.??"]
[Round "?"]
[White "Ager, J."]
[Black "Hecht, H J."]
[Result "1/2-1/2"]
[WhiteElo "2235"]
[BlackElo "2397"]
[PlyCount "94"]

1. d4 Nf6 2. c4 e6 3. g3 d5 4. Nf3 a6 5. Bg2 dxc4 6. O-O Nc6 7. e3 Bd7 8. a4
Rb8 9. a5 Bb4 10. Bd2 Qe7 11. Qc2 O-O 12. Rc1 b5 13. axb6 cxb6 14. Qxc4 a5 15.
Nc3 Rfc8 16. Qb3 b5 17. Ne2 a4 18. Bxb4 Qxb4 19. Qxb4 Nxb4 20. Ne5 Nc2 21. Rab1
b4 22. Nxd7 Nxd7 23. Be4 b3 24. Bxc2 bxc2 25. Ra1 Rxb2 26. Rxa4 Nb6 27. Ra3 Nd5
28. Kg2 g5 29. Rca1 Kg7 30. Rc1 g4 31. Kf1 Nb4 32. Ke1 Na2 33. Rxa2 Rxa2 34.
Kd2 Ra3 35. Nf4 Rb3 36. h3 gxh3 37. Nxh3 Rb1 38. Rxc2 Rxc2+ 39. Kxc2 Rh1 40.
Nf4 Rh2 41. Nd3 Kf6 42. Kd2 Kf5 43. Ke2 Rh1 44. Kf3 h5 45. Nf4 Kg5 46. Ng2 Ra1
47. Nf4 Rb1 1/2-1/2

[Event "?"]
[Site "?"]
[Date "????.??.??"]
[Round "?"]
[White "Klundt, K."]
[Black "Winiwarter, F."]
[Result "1-0"]
[WhiteElo "2381"]
[BlackElo "2175"]
[PlyCount "83"]

1. e4 c5 2. Nf3 Nc6 3. Nc3 e5 4. Bc4 Be7 5. d3 Nf6 6. Ng5 O-O 7. f4 d6 8. O-O
Nd4 9. h3 h6 10. Nf3 Qc7 11. Nd5 Nxd5 12. Bxd5 Bf6 13. fxe5 Nxf3+ 14. Rxf3 Bxe5
15. c3 g5 16. Be3 Be6 17. Qb3 Bxd5 18. Qxd5 Rae8 19. Raf1 Bg7 20. Rf5 Qc6 21.
Qb3 Qd7 22. a4 Re6 23. a5 Qe7 24. Qc4 Rf6 25. b4 Rxf5 26. Rxf5 cxb4 27. Qxb4 a6
28. Bd4 Rc8 29. Rd5 Bxd4+ 30. Qxd4 Rc6 31. c4 Kh7 32. Qf2 Qe6 33. Rf5 Kg6 34.
Qb2 Rc7 35. Qh8 Rc8 36. Qd4 Rc7 37. h4 gxh4 38. Qf2 Kh7 39. Qxh4 Qg6 40. Rf6
Qg7 41. Qf4 Rc5 42. Rxf7 1-0

[Event "?"]
[Site "?"]
[Date "????.??.??"]
[Round "?"]
[White "Villing, D."]
[Black "Vucenovic, D."]
[Result "1-0"]
[WhiteElo "2261"]
[BlackElo "2307"]
[PlyCount "51"]

1. e4 c5 2. Nf3 e6 3. d3 Nc6 4. g3 g6 5. Bg2 Bg7 6. O-O d6 7. c3 Qb6 8. Na3
Nge7 9. Nc4 Qc7 10. Bf4 e5 11. Be3 Bg4 12. Qd2 Bxf3 13. Bxf3 b5 14. Na3 Rb8 15.
Nc2 b4 16. d4 bxc3 17. bxc3 cxd4 18. cxd4 O-O 19. d5 Na5 20. Na3 Nc4 21. Qc2
Rbc8 22. Rfc1 f5 23. Qxc4 Qa5 24. Qd3 f4 25. Bd2 Qa4 26. Bg4 {
restliche Zuege unlesbar} 1-0

[Event "?"]
[Site "?"]
[Date "????.??.??"]
[Round "?"]
[White "Funk, P."]
[Black "Hohler, P."]
[Result "1/2-1/2"]
[WhiteElo "2206"]
[BlackElo "2183"]
[PlyCount "33"]
[EventDate "2006.02.24"]

1. d4 Nf6 2. Nf3 e6 3. g3 b5 4. Bg2 Bb7 5. O-O c5 6. c3 Be7 7. Nbd2 O-O 8. Re1
Nc6 9. dxc5 Bxc5 10. Nb3 Be7 11. Qd3 a6 12. e4 d5 13. exd5 Nxd5 14. Qe2 Qc7 15.
Bd2 Rad8 16. Ng5 Nf6 17. Bf4 1/2-1/2

[Event "?"]
[Site "?"]
[Date "????.??.??"]
[Round "?"]
[White "Johannessen, S."]
[Black "Rotstein, J."]
[Result "0-1"]
[WhiteElo "2252"]
[BlackElo "2410"]
[PlyCount "70"]
[EventDate "2006.02.24"]

1. e4 c5 2. Nc3 e6 3. g3 Nc6 4. Bg2 g6 5. d3 Bg7 6. Be3 d6 7. f4 Nge7 8. Nf3
O-O 9. O-O Nd4 10. Bf2 Rb8 11. Nxd4 cxd4 12. Ne2 e5 13. c3 dxc3 14. Nxc3 b6 15.
d4 exf4 16. gxf4 Bb7 17. d5 f5 18. Bh4 Qd7 19. Bh3 Rfe8 20. Rc1 Kh8 21. Qd2 Ng8
22. exf5 gxf5 23. Qd3 Nh6 24. Rce1 a6 25. Rxe8+ Rxe8 26. Re1 b5 27. a3 Ng4 28.
Rxe8+ Qxe8 29. Bxg4 fxg4 30. Bg3 Qf7 31. f5 Bc8 32. Bxd6 Qxf5 33. Qe3 h5 34.
Bg3 Bd7 35. Qe7 Bd4+ 0-1